Giochi di ruolo : estetica e immaginario di un nuovo scenario giovanile /
Gespeichert in:
| Hauptverfasser: | , |
|---|---|
| Weitere Verfasser: | |
| Format: | Buch |
| Sprache: | Italienisch |
| Veröffentlicht: |
Latina :
Tunué,
2007
|
| Schriftenreihe: | Lapilli ;
12 |
| Schlagworte: | |
| Tags: |
Keine Tags, Fügen Sie das erste Tag hinzu!
|
MARC
| LEADER | 00000nam a22000007i 4500 | ||
|---|---|---|---|
| 001 | IT\ICCU\LO1\1166058 | ||
| 003 | ItRI | ||
| 005 | 20260115232153.0 | ||
| 008 | 071221s2007 it |||||| ||||| |||||c | ||
| 020 | |a 9788889613276 | ||
| 040 | |b ita |c importazione bologna sebina | ||
| 041 | 7 | |a ita |2 ISO-639-2 | |
| 082 | |a 306.487 |9 ISTITUZIONI CULTURALI. HOBBIES E GIOCHI |2 21 | ||
| 100 | 1 | |a Ghilardi, Marcello |0 IT\ICCU\VIAV\106220 |4 aut | |
| 240 | 1 | 0 | |a Giochi di ruolo : Estetica e immaginario di un nuovo scenario giovanile |3 IT\ICCU\TSA\1734611 |9 Ghilardi, Marcello |
| 245 | 1 | 0 | |a Giochi di ruolo : |b estetica e immaginario di un nuovo scenario giovanile / |c Marcello Ghilardi, Ilenia Salerno ; prefazione di Luca Giuliano. |
| 260 | |a Latina : |b Tunué, |c 2007 | ||
| 300 | |a XIII, 174 p. : |b ill. ; |c 19 cm. | ||
| 650 | 7 | |a Giochi di ruolo |x Aspetti socio-culturali |2 scbi | |
| 700 | 1 | |a Giuliano, Luca, |d (1947- ) |0 IT\ICCU\CFIV\005409 | |
| 700 | 1 | |a Salerno, Ilenia |0 IT\ICCU\LO1V\339806 |4 aut | |
| 830 | 0 | |a Lapilli ; |v 12 |0 IT\ICCU\UBO\2765358 | |
| 942 | |2 ddc |c BK |n 0 | ||
| 952 | |0 0 |1 0 |4 0 |6 DOC_306_487000000000000_GHI |7 0 |9 21338 |a BO |b BO |d 2026-01-15 |i 12750 |l 0 |o DOC 306.487 GHI |p BO12750 |r 2026-01-15 23:21:53 |w 2026-01-15 |x [Sebina 5] [1 v.] |y BK |z 1 v. | ||
| 999 | |c 18228 |d 18228 | ||